| 000 -LEADER |
| fixed length control field |
00897nam a2200229Ia 4500 |
| 001 - CONTROL NUMBER |
| control field |
15789 |
| 003 - CONTROL NUMBER IDENTIFIER |
| control field |
GE_BSU |
| 008 - FIXED-LENGTH DATA ELEMENTS--GENERAL INFORMATION |
| fixed length control field |
181216s||||||||xx |||||||||||||| ||und|| |
| 040 ## - CATALOGING SOURCE |
| Transcribing agency |
GE_BSU |
| 080 ## - UNIVERSAL DECIMAL CLASSIFICATION NUMBER |
| Universal Decimal Classification number |
821.353.1-31 |
| 100 ## - MAIN ENTRY--PERSONAL NAME |
| Personal name |
ჭილაია, სერგი (1912-1992) |
| 245 ## - TITLE STATEMENT |
| Title |
შვილები : ქრონიკა |
| 245 ## - TITLE STATEMENT |
| Remainder of title |
გაგრძელება რომანისა "ეკატერინე ჭავჭავაძე |
| 245 ## - TITLE STATEMENT |
| Statement of responsibility, etc. |
რედ.ლ.თურმანიძე. მხატვ.ს.ცინცაძე |
| 260 ## - PUBLICATION, DISTRIBUTION, ETC. |
| Place of publication, distribution, etc. |
თბილისი |
| 260 ## - PUBLICATION, DISTRIBUTION, ETC. |
| Name of publisher, distributor, etc. |
მერანი |
| 260 ## - PUBLICATION, DISTRIBUTION, ETC. |
| Date of publication, distribution, etc. |
1971 |
| 300 ## - PHYSICAL DESCRIPTION |
| Extent |
215 გვ. ; 20 სმ |
| 653 ## - INDEX TERM--UNCONTROLLED |
| Uncontrolled term |
გაგრძელება რომანისა "ეკატერინე ჭავჭავაძე |
| 653 ## - INDEX TERM--UNCONTROLLED |
| Uncontrolled term |
შვილები : ქრონიკა |
| 942 ## - ADDED ENTRY ELEMENTS (KOHA) |
| Koha item type |
წიგნი |